Resource convergence mantra model (Record no. 526698)

000 -LEADER
fixed length control field 00288nam a22000977a 4500
082 ## - DEWEY DECIMAL CLASSIFICATION NUMBER
Classification number SNT Lx54 Sh23
100 ## - MAIN ENTRY--PERSONAL NAME
Personal name Sharma, Aruna Limaye
9 (RLIN) 46258
245 ## - TITLE STATEMENT
Title Resource convergence mantra model
Remainder of title By Sharma, Aruna Limaye
260 ## - PUBLICATION, DISTRIBUTION, ETC. (IMPRINT)
Place of publication, distribution, etc New Delhi
Name of publisher, distributor, etc Sheriden Book Company
Date of publication, distribution, etc 2008
300 ## - PHYSICAL DESCRIPTION
Extent 220p
Holdings
Withdrawn status Lost status Source of classification or shelving scheme Damaged status Koha normalized classification for sorting Not for loan Permanent location Current location Date acquired Full call number Barcode Date last seen Price effective from Koha item type
        SNT_LX54_SH23   Indian Institute of Public Administration Indian Institute of Public Administration 2024-06-19 SNT Lx54 Sh23 GR25165 2024-06-19 2024-06-19 GR

Powered by Koha